|
|
|
|
| LEADER |
00000nam0a2200000 4500 |
| 001 |
262922 |
| 005 |
20231101233709.0 |
| 035 |
|
|
|a (RuTPU)RU\TPU\book\285906
|
| 090 |
|
|
|a 262922
|
| 100 |
|
|
|a 20140604d1974 k y0rusy50 ca
|
| 101 |
0 |
|
|a rus
|
| 102 |
|
|
|a RU
|
| 105 |
|
|
|a f z 000cy
|
| 200 |
1 |
|
|a Очерки культурной жизни Сибири XVII- начала XIX в.
|f А. Н. Копылов
|g Академия наук СССР (АН СССР), Сибирское отделение (СО), Институт истории, филологии и философии ; отв. ред. д-р истор. наук Л. А. Гольденберг
|
| 210 |
|
|
|a Новосибирск
|c Наука
|d 1974
|
| 215 |
|
|
|a 251 с.
|c ил.
|
| 320 |
|
|
|a Библиогр. в примеч.:
|
| 606 |
1 |
|
|a Культура Сибири
|x История
|2 stltpush
|3 (RuTPU)RU\TPU\subj\67190
|9 83073
|
| 610 |
1 |
|
|a культурная жизнь
|
| 610 |
1 |
|
|a Сибирь
|
| 610 |
1 |
|
|a 17 век
|
| 610 |
1 |
|
|a 18 век
|
| 610 |
1 |
|
|a 19 век
|
| 610 |
1 |
|
|a просвещение
|
| 610 |
1 |
|
|a архитектура
|
| 610 |
1 |
|
|a живопись
|
| 610 |
1 |
|
|a театр
|
| 686 |
|
|
|a Т3(253)-7
|v LBC/SL-A
|2 rubbk
|
| 700 |
|
1 |
|a Копылов
|b А. Н.
|
| 702 |
|
1 |
|a Гольденберг
|b Л. А.
|4 340
|
| 712 |
0 |
2 |
|a Академия наук СССР (АН СССР)
|b Сибирское отделение (СО)
|b Институт истории, филологии и философии
|c (Новосибирск)
|2 stltpush
|3 (RuTPU)RU\TPU\col\11501
|
| 801 |
|
1 |
|a RU
|b 63413507
|c 20140604
|
| 801 |
|
2 |
|a RU
|b 63413507
|c 20180606
|g RCR
|
| 942 |
|
|
|c BK
|